000 00971nas a2200289 4500
001 BR2012001839
003 BR-BrBNA
005 20231205120312.0
007 ta
008 230509b bl.|||p| |||| 00| 00por d
040 _aBR-BrBNA
_bpor
_cBiblioteca Nacional de Agricultura
041 _a(Pt)
072 _aL74
100 1 _aPortugal, M.N. de M.
100 1 _aMachado, F.M.
100 1 _aCosta, F.A.
100 1 _aPaula, L.F. de
245 1 _aMielografia e ressonância magnética no diagnóstico da doença do disco intervertebral em cães - Revisão de literatura
650 _aCÃO
650 _aDISTÚRBIO FISIOLÓGICO
650 _aDOENÇA ANIMAL
650 _aLESÃO
650 _aDIAGNÓSTICO
773 0 _tMedvep. Revista Ciêntífica de Medicina Veterinária. Pequenos Animais e Animais de Estimação (Brazil)
_xISSN 1678-1430
_g(2009), v. 7(22) p. 273-280
_wBR2012001839
909 _a202311
_bLúcia
_c55
_dLúcia Elande
942 _2AGRIS
_n0
_cANA
999 _c217838
_d217838